000
00248nam a2200097Ia 4500
005
20250424112835.0
008
250424s9999 xx 000 0 und d
300
_a
x, 253 p. :ill. ; 24 cm.
650
_a
Accounting--Nigeria--Periodicals.
942
_c
SR
999
_c
37441
_d
37441